000 00544nam a2200217Ia 4500
008 101110s9999 xx 000 0 und d
041 _aENGLISH
082 _bSR34637
100 _aKulkarani A.G., Sathe S.P. & other
245 _aInorganic chemistry TYBSC
260 _c2010
_bSheth pulishers, Mumbai
300 _a360
365 _b140
520 _aChemistry
546 _aENGLISH
630 _aInorganic chemistry TYBSC
650 _aChemistry
655 _aChemistry
730 _aInorganic chemistry TYBSC
942 _cBOOK
999 _c827138
_d827135